LDR 01073naa#a2200181#i#450# 001 RU\\bibl\120559 005 20260418023528.6 011 ## _a2073-5537 100 ## _a20260416b2026####ek#y0rusy0150####ca 102 ## _aRU 200 1# _aО взаимодействии экономических комплексов в Астраханской области _eЖурнальная статья 210 1# _aАстрахань _cАстраханский государственный технический университет _d2026 215 ## _a5 с. 608 ## _aЖурнальная статья _2local 675 ## _aОрганизация производства (производственного процесса). Производственное планирование. Конструирование. Контроль на производстве. 658.5 _aНалоги на энергетику. 336.226.46 _z 700 #1 _aСеменов _gКонстантин Сергеевич 700 #1 _aСеменов _gСергей Константинович 856 4# _avestnik.astu.org _u